MDQL
is popping MORE tags! Check the
thread
!
Quizzes
Events
Quiz Creation
Community
Videos
Private Events
Remove Ads
Sign In
Join for FREE
Feedback
Dark Mode
Quiz Categories
Sports
Geography
Music
Movies
Television
Just For Fun
Miscellaneous
History
Literature
Language
Science
Gaming
Entertainment
Religion
Holiday
For Kids
Quiz Lab
Recent
Popular Today
Quiz Kudos Today
Editor Picks
Curator Picks
Quizzes by...
Day
Popularity
Type
Ratings
Length
Year
Community
Subscriptions
Recent Discussions
Orange Saloon
Badges
Playlists
Quests
Create
Leaderboards
Showdown
Live 5
Trivia Bingo
Activity
Puzzle Library
Sporcle Events
Private Events
Virtual Trivia
Globe League
Become a Host
Pub Owners
SporcleCon
Opinionation
Our Games
Videos
Blog
Mobile Apps
Partnerships
Remove Ads and Go Orange
Feedback
Music
Pop Music
The Beatles
Song
Album
Lyrics
Bands
Singers
Artist
Clip
Rock
Rap
Classical
Billboard
Country Music
Kpop
Taylor Swift
Music
Pop Music
The Beatles
Song
Album
Lyrics
Bands
Singers
Artist
Clip
Rock
Rap
Classical
Billboard
Country Music
Kpop
Taylor Swift
Random Quiz
Search Sporcle
×
Quiz Lab
Quiz Lab
Music
Monster
Type in answers that appear in a list
Type in answers that appear in a list
Classic
Best Score? Go Orange.
Of Monsters and Men 'Wolves Without Teeth' Lyrics Stats
Can you name the lyrics to 'Wolves Without Teeth' by Of Monsters and Men?
By
TheSongLyrics
9m
264 Questions
88 Plays
88 Plays
88 Plays
Comments
Comments
Give Quiz Kudos
Give Quiz Kudos
-
- Ratings
hide this ad
Replay
Link that replays current quiz
Next Quiz
Link to next quiz in quiz playlist
You Got
0%
They Got
Avg Score
82%
Avg Friend Score
Upgrade to see
Score Distribution
Jump to the score distribution portion of the page
Score
0/264
Timer
09:00
0
Plays Today
Lyrics
% Correct
and
100%
the
100%
and
100%
the
100%
the
100%
and
100%
a
100%
And
100%
And
100%
the
100%
a
100%
And
100%
And
100%
And
100%
a
100%
And
100%
And
100%
And
100%
my
98.9%
you
98.9%
my
98.9%
you
98.9%
you
98.9%
my
98.9%
you
98.9%
You
98.9%
my
98.9%
my
98.9%
my
98.9%
I
98.9%
my
98.9%
I
98.9%
I
98.9%
you,
98.9%
you
98.9%
my
98.9%
I
98.9%
you
98.9%
my
98.9%
I
98.9%
you
98.9%
You
98.9%
my
98.9%
my
98.9%
my
98.9%
I
98.9%
my
98.9%
I
98.9%
you
98.9%
you
98.9%
You
98.9%
my
98.9%
my
98.9%
my
98.9%
I
98.9%
my
98.9%
I
98.9%
you
98.9%
you
98.9%
You
98.9%
you
98.9%
me
95.5%
in
95.5%
in
95.5%
in.
95.5%
me,
95.5%
in
95.5%
me
95.5%
in
95.5%
in
95.5%
in.
95.5%
me,
95.5%
me. (x2)
95.5%
me
95.5%
in
95.5%
in
95.5%
me,
95.5%
me.
95.5%
me. (x3)
95.5%
all. (x2)
93.2%
all. (x2)
93.2%
all. (x2)
93.2%
all
93.2%
all. (x2)
93.2%
like
93.2%
like
93.2%
like
93.2%
chest
92%
Lyrics
% Correct
I'm
92%
I'm
92%
I'm
92%
I'm
92%
giving
90.9%
giving
90.9%
giving
90.9%
giving
90.9%
from
90.9%
from
90.9%
from
90.9%
from
90.9%
from
90.9%
from
90.9%
from
90.9%
from
90.9%
from
90.9%
breath
89.8%
wolves,
89.8%
wolves,
89.8%
wolves,
89.8%
wolves,
89.8%
wolves,
89.8%
wolves,
89.8%
hummingbird,
88.6%
sleep.
88.6%
hummingbird,
88.6%
sleep.
88.6%
hummingbird,
88.6%
sleep.
88.6%
what
87.5%
run
87.5%
run
87.5%
run
87.5%
what
87.5%
what
87.5%
run
87.5%
run
87.5%
run
87.5%
run
87.5%
is
86.4%
teeth.
86.4%
is
86.4%
is
86.4%
he
86.4%
teeth.
86.4%
teeth.
86.4%
Open
85.2%
spine,
85.2%
mine,
85.2%
without
85.2%
can
85.2%
can
85.2%
mine.
85.2%
without
85.2%
can
85.2%
can
85.2%
without
85.2%
can
85.2%
can
85.2%
can
85.2%
can
85.2%
take
84.1%
it,
84.1%
it,
84.1%
it,
84.1%
another
83%
into
83%
another
83%
into
83%
another
83%
into
83%
world,
80.7%
world,
80.7%
sinking
80.7%
world,
80.7%
sinking
80.7%
haunt
79.5%
sinking
79.5%
haunt
79.5%
haunt
79.5%
energy,
78.4%
energy,
78.4%
energy,
78.4%
hover
77.3%
on
77.3%
wants
77.3%
hover
77.3%
Lyrics
% Correct
on
77.3%
wants
77.3%
hover
77.3%
on
77.3%
up
76.1%
feeding
76.1%
breathing
76.1%
tearing
76.1%
feeding
76.1%
breathing
76.1%
tearing
76.1%
feeding
76.1%
breathing
76.1%
tearing
76.1%
she
75%
heavily,
75%
heavily,
75%
follow,
75%
follow
75%
she
75%
heavily,
75%
follow,
75%
follow
75%
follow,
75%
follow
75%
go
73.9%
see
73.9%
go
73.9%
go
73.9%
be
72.7%
be
72.7%
of
71.6%
of
71.6%
of
71.6%
letting
69.3%
feet.
69.3%
It's
69.3%
veins.
69.3%
letting
69.3%
feet.
69.3%
letting
69.3%
feet.
69.3%
I'll
68.2%
at
68.2%
are
68.2%
at
68.2%
at
68.2%
body
67%
you're
67%
You're
67%
through
67%
perfectly
67%
you're
67%
You're
67%
you're
67%
You're
67%
you'll
65.9%
control.
65.9%
You'll
65.9%
we
65.9%
You'll
65.9%
You'll
65.9%
Swallow
63.6%
blood
63.6%
strange,
63.6%
How
63.6%
yours,
63.6%
if
62.5%
So
62.5%
lose
61.4%
same.
61.4%
inside
61.4%
bones.
60.2%
lift
59.1%
lungs?
59.1%
breathe
56.8%
breathe
56.8%
keep
55.7%
say
37.5%
say
37.5%
say
37.5%
out
34.1%
seat.
18.2%
seat.
18.2%
seat.
18.2%
once
10.2%
said.
10.2%
carve
8%
Quiz Playlist
Details
Report
Send in Message
Add To Playlist
Classic:
Type in answers that appear in a list
Last Updated: Feb 16, 2017
Quiz Scoreboard
CHALLENGE
Sign Up to Join the Scoreboard
Show All
Scores
Hide
Comments
May contain spoilers
Recently Published
Street Fighter Characters
by Artimus82
Gaming
60s
9x9 Crossword: Cartoon Network
by jackfrog10
Miscellaneous
3m
College Basketball Coaching Resumes
by pancakes188
Sports
9m
More to Explore
Quiz From the Vault
Featured Blog Post
Where Did the Easter Bunny Come From?
hide this ad
You Might Also Like...
Tags
men
Monster
teeth
Today's Top Quizzes in Music
Browse Music
hide this ad
Today's Top Quizzes in Monster
Browse Monster
Top Contributed Quizzes in Music
1
Taylor Swift All Songs (2024)
2
Taylor Swift Logic Puzzle
3
Guess the Artist- 70s Songs
4
7-to-1: Billboard Hot 100 #1 Hits of 2010s
5
Sorting Albums and Songs
6
KPOP LOGIC QUIZ
7
Guess the Taylor Swift song (Mystery Song)
8
Guess The Taylor Swift Lyrics Song #1
9
Billboard Blitz: ABBA
10
Billboard Blitz: The Beatles
Explore More
Trending Topics
Kpop
Harry Potter
Disney
Anime
Marvel
Crossword
NBA
Pokémon
WWE
NFL
Puzzle
Soccer
Country
Song
The Office
hide this ad
More By:
TheSongLyrics
Quiz
Plays
Rating
Category
Featured
Created
Dido 'White Flag' Lyrics
873
5.00
Music
Jul 20, 2015
Making Today A Perfect Day Lyrics (Frozen Fever)
338
3.67
Music
Jul 19, 2015
Julie Fowlis 'Into the Open Air' Lyrics (Disney Brave)
96
Music
Jul 20, 2015
Of Monsters and Men 'Wolves Without Teeth' Lyrics
88
3.00
Music
Jul 19, 2015
Ella Henderson 'Glow' Lyrics
83
Music
Jul 20, 2015
Go to Creator's Profile
Score Distribution
Quiz Creator Spotlight
TheSongLyrics
Follow
Send a Message
Quizzes Created
-
Created Quiz Play Count
-
More By This Creator
Popular Quizzes Today
1
Find the US States - No Outlines Minefield
2
Find the Countries of Europe - No Outlines Minefield
3
The Countries of the World
4
Find the US States
5
Risky Map Clicking: Biggest States A-Z
6
US States
7
Popular People in 1961
8
Movies - When Are They Set?
More Music Quizzes
You Better Lose Yourself
Published
Trending Quizzes
Risky Map Clicking: Least Populous States A-Z
Countries of the World: 200 Million BC
1-10 Letter G Words
Risky Map Clicking: Next State Alphabetically
Adjectives in 80s TV Shows
Recently Updated
Leaping Animals
pecheneg
Reality TV Shows (A-Z)
bhenderson79
Rickey Henderson's Hall of Fame Teammates
pecheneg
Champions League XIs: Arsenal
pecheneg
Quick Pick: Celebrities in WWE's Hall of Fame
aduchscher
A-Z Keypad Blitz II
pecheneg
Multiple Oscar Actors
pecheneg
Mystery Phrase Blitz: Oscar 'Best Actors'
pecheneg
F. Scott Fitzgerald Novels
LTH
Pick 3 Villains
ddd62291
Trending Topics
Kpop
Crossword
Disney
Anime
NBA
Harry Potter
Marvel
Soccer
NFL
WWE
Puzzle
Country
Pokémon
The Office
Song
Your Account Isn't Verified!
In order to create a playlist on Sporcle, you need to verify the email address you used during registration. Go to your
Sporcle Settings
to finish the process.
Report this User
Report this user for behavior that violates our
Community Guidelines
.
Details:
Send Report
Go to the Sporcle.com Mobile Site →
Comments